Clinical approach to promotion of entrepreneurship among women : (Record no. 65179)
[ view plain ]
| 000 -LEADER | |
|---|---|
| fixed length control field | 00474nam a22001337a 4500 |
| 005 - DATE AND TIME OF LATEST TRANSACTION | |
| control field | 20180809132442.0 |
| 020 ## - INTERNATIONAL STANDARD BOOK NUMBER | |
| International Standard Book Number | 8126118857 |
| Terms of availability | 900.00 |
| 035 ## - SYSTEM CONTROL NUMBER | |
| System control number | B-161601, B-161600, B-161602 |
| 037 ## - SOURCE OF ACQUISITION | |
| Stock number | DPL |
| Source of stock number/acquisition | ENG |
| 245 ## - TITLE STATEMENT | |
| Title | Clinical approach to promotion of entrepreneurship among women : |
| Remainder of title | [In reference to Asia] / |
| Statement of responsibility, etc | edited by E.D. Setty |
| 260 ## - PUBLICATION, DISTRIBUTION, ETC. (IMPRINT) | |
| Place of publication, distribution, etc | New Delhi |
| Name of publisher, distributor, etc | Anmol Publications Pvt. Ltd. |
| Date of publication, distribution, etc | 2004 |
| 300 ## - PHYSICAL DESCRIPTION | |
| Extent | xiii, 415p. |
| Dimensions | 22 cms. |
| 942 ## - ADDED ENTRY ELEMENTS (KOHA) | |
| Source of classification or shelving scheme | Dewey Decimal Classification |
| Item type | English Books |
| Classification part | 305.4 |
| Call number suffix | SET |
| Withdrawn status | Lost status | Not for loan | Collection code | Home library | Current library | Date acquired | Cost, normal purchase price | Full call number | Barcode | Cost, replacement price | Koha item type | Source of acquisition |
|---|---|---|---|---|---|---|---|---|---|---|---|---|
| Non-fiction | Patel Nagar | Patel Nagar | 26/07/2018 | 900.00 | 305.4 SET | B-161600 | 900.00 | English Books | BPPD/PUB | |||
| Non-fiction | Sarojini Nagar | Sarojini Nagar | 18/04/2012 | 900.00 | 305.4 SET | B-161601 | 900.00 | English Books | ||||
| Non-fiction | Shahdara Branch | Shahdara Branch | 09/08/2018 | 900.00 | 305.4 SET | B-161602 | 900.00 | English Books | BPPD/PUB |
